| 000 | 02512cam a22004934i 4500 | ||
|---|---|---|---|
| 003 | PE-LiUPU | ||
| 005 | 20250731173322.0 | ||
| 008 | 150625s2003 sp r 000 0 spa d | ||
| 020 | _a8482673165 | ||
| 035 | _a(Sirsi) i9788482673165 | ||
| 040 |
_aPE-LiUPU _bspa _cPE-LiUPU _erda |
||
| 049 | _aPRUA | ||
| 082 | 0 | 4 |
_a232 _bW57 _221 |
| 100 | 1 |
_aWilkins, Michael J., _eautor. |
|
| 245 | 1 | 0 |
_aJesús bajo sospecha : _buna respuesta a los ataques contra el Jesús histórico / _cMichael J. Wilkins y J. P. Moreland. |
| 264 | 1 |
_aTerrassa : _bClie, _c2003. |
|
| 300 |
_a319 páginas ; _c23 centímetros |
||
| 336 |
_atext _2rdacontent |
||
| 337 |
_aunmediated _2rdamedia |
||
| 338 |
_avolume _2rdacarrier |
||
| 504 | _aIncluye bibliografía. | ||
| 505 | 0 | _a¿Dónde empezar la investigación sobre la persona de Jesús?. -¿Quién es Jesús? una introducción al estudio sobre Jesús. -Las palabras de Jesús en los evangelios: ¿versión original o invención?. -¿Qué hizo Jesús?. -¿Hacía Jesús milagros?. -¿Resucitó Jesús de los muertos?. -¿Es Jesús el único camino?. -Evidencias sobre Jesús fuera del nuevo testamento. -¿Qué significa todo esto?. | |
| 526 | _aSEG42 | ||
| 526 | _aSEG41 | ||
| 526 | _aSEG40 | ||
| 526 | _aSEG39 | ||
| 526 | _aP94 | ||
| 526 | _aP87 | ||
| 526 | _aP86 | ||
| 526 | _aP85 | ||
| 526 | _aP77 | ||
| 526 | _aP76 | ||
| 526 | _aP35 | ||
| 541 | _g003-0003441; | ||
| 650 | 0 | 4 | _aCristología. |
| 942 |
_2ddc _cBOOK |
||
| 949 |
_a232 W57 _wDEWEY _c1 _i57666 _lCCODEBUL1 _mBUL _p13.00 _r0 _sY _tBOOK _u2015-6-25 _xTEOLOGIA _zUNKNOWN _0COMPRA _o.CIRCNOTE. No olvidar cambiar la fecha de devolución!!!!!!! _o.STAFF. Colección General |
||
| 949 |
_aPGT 232 W57 _wDEWEY _c1 _i71884 _lCCODEBUL1 _mBUL _p13.00 _r0 _sY _tBOOK _u2015-8-24 _xTEOLOGIA _PP85 _0COMPRA _o.CIRCNOTE. No olvidar cambiar la fecha de devolución!!!!!!! _o.STAFF. Posgrado |
||
| 994 |
_aC0 _bPEPRU |
||
| 596 | _a1 | ||
| 999 |
_a232 W57 _wDEWEY _c46672 _i57666 _d46672 _f2021-11-10 _g5 _lCCODEBUL1 _mBUL _p13.00 _q1 _r0 _sY _tBOOK _u2015-6-25 _xTEOLOGIA _zUNKNOWN _0COMPRA _o.CIRCNOTE. No olvidar cambiar la fecha de devolución!!!!!!! _o.STAFF. Colección General |
||
| 999 |
_aPGT 232 W57 _wDEWEY _c1 _i71884 _d2019-9-16 _f2021-11-10 _g5 _lCCODEBUL1 _mBUL _p13.00 _q1 _r0 _sY _tBOOK _u2015-8-24 _xTEOLOGIA _PP85 _0COMPRA _o.CIRCNOTE. No olvidar cambiar la fecha de devolución!!!!!!! _o.STAFF. Posgrado |
||
| 980 |
_81 _gALBERTO SANCHEZ Responsable de Automatización |
||